<?xml version="1.0" encoding="UTF-8"?>
<record
    xmlns:xsi="http://www.w3.org/2001/XMLSchema-instance"
    xsi:schemaLocation="http://www.loc.gov/MARC21/slim http://www.loc.gov/standards/marcxml/schema/MARC21slim.xsd"
    xmlns="http://www.loc.gov/MARC21/slim">

  <leader>04418namaa22004211i 4500</leader>
  <controlfield tag="003">OSt</controlfield>
  <controlfield tag="005">20260510102910.0</controlfield>
  <controlfield tag="008">250827s2024    ua a|||frm||| 000 0 eng d</controlfield>
  <datafield tag="040" ind1=" " ind2=" ">
    <subfield code="a">EG-GICUC</subfield>
    <subfield code="b">ara</subfield>
    <subfield code="c">EG-GICUC</subfield>
    <subfield code="d">EG-GICUC</subfield>
    <subfield code="e">rda</subfield>
  </datafield>
  <datafield tag="041" ind1="0" ind2=" ">
    <subfield code="a">ara</subfield>
    <subfield code="b">ara</subfield>
    <subfield code="b">eng</subfield>
  </datafield>
  <datafield tag="049" ind1=" " ind2=" ">
    <subfield code="a">&#x625;&#x64A;&#x62F;&#x627;&#x639;</subfield>
  </datafield>
  <datafield tag="082" ind1="0" ind2="4">
    <subfield code="a">616.398</subfield>
  </datafield>
  <datafield tag="092" ind1=" " ind2=" ">
    <subfield code="a">616.398</subfield>
    <subfield code="2">21</subfield>
  </datafield>
  <datafield tag="097" ind1=" " ind2=" ">
    <subfield code="a">&#x645;&#x640;&#x640;&#x640;&#x640;&#x627;&#x62C;&#x633;&#x62A;&#x64A;&#x631;</subfield>
  </datafield>
  <datafield tag="099" ind1=" " ind2=" ">
    <subfield code="a">Cai01.23.04.M.Sc.2024.&#x623;&#x645;.&#x645;</subfield>
  </datafield>
  <datafield tag="100" ind1="0" ind2=" ">
    <subfield code="a">&#x60C;&#x623;&#x645;&#x627;&#x646;&#x64A; &#x627;&#x644;&#x633;&#x64A;&#x62F; &#x639;&#x628;&#x62F; &#x627;&#x644;&#x62D;&#x645;&#x64A;&#x62F; &#x627;&#x644;&#x633;&#x64A;&#x62F; &#x633;&#x627;&#x631;&#x64A;</subfield>
    <subfield code="e">&#x625;&#x639;&#x62F;&#x627;&#x62F;.</subfield>
  </datafield>
  <datafield tag="245" ind1="1" ind2="0">
    <subfield code="a">&#x627;&#x644;&#x645;&#x631;&#x648;&#x646;&#x629; &#x627;&#x644;&#x646;&#x641;&#x633;&#x64A;&#x629; &#x643;&#x645;&#x62A;&#x63A;&#x64A;&#x631; &#x648;&#x633;&#x64A;&#x637; &#x628;&#x64A;&#x646; &#x627;&#x644;&#x648;&#x639;&#x64A; &#x627;&#x644;&#x635;&#x62D;&#x64A; &#x648;&#x639;&#x644;&#x627;&#x642;&#x62A;&#x647; &#x628;&#x62A;&#x63A;&#x64A;&#x64A;&#x631; &#x646;&#x645;&#x637; &#x627;&#x644;&#x62D;&#x64A;&#x627;&#x629; &#x644;&#x62F;&#x649; &#x645;&#x631;&#x636;&#x649; &#x627;&#x644;&#x633;&#x645;&#x646;&#x629; /</subfield>
    <subfield code="c">&#x625;&#x639;&#x62F;&#x627;&#x62F; &#x623;&#x645;&#x627;&#x646;&#x64A; &#x627;&#x644;&#x633;&#x64A;&#x62F; &#x639;&#x628;&#x62F; &#x627;&#x644;&#x62D;&#x645;&#x64A;&#x62F; &#x627;&#x644;&#x633;&#x64A;&#x62F; &#x633;&#x627;&#x631;&#x64A;&#x61B; &#x625;&#x634;&#x631;&#x627;&#x641; &#x623;.&#x62F;.&#x645;&#x646;&#x627;&#x644; &#x639;&#x628;&#x62F; &#x627;&#x644;&#x646;&#x639;&#x64A;&#x645; &#x645;&#x62D;&#x645;&#x62F; &#x637;&#x647;&#x60C;&#x62F;.&#x646;&#x641;&#x64A;&#x633;&#x640;&#x629; &#x641;&#x648;&#x632;&#x64A; &#x639;&#x645;&#x640;&#x640;&#x631;. </subfield>
  </datafield>
  <datafield tag="246" ind1="1" ind2="5">
    <subfield code="a">Psychological flexibility as a mediator variable between health awareness,change lifestyle in patients with obesity /</subfield>
  </datafield>
  <datafield tag="264" ind1=" " ind2="0">
    <subfield code="c">2024.</subfield>
  </datafield>
  <datafield tag="300" ind1=" " ind2=" ">
    <subfield code="a">130 &#x635;&#x641;&#x62D;&#x629; :</subfield>
    <subfield code="b">&#x625;&#x64A;&#x636;&#x627;&#x62D;&#x64A;&#x627;&#x62A; &#x61B; </subfield>
    <subfield code="c">25 &#x633;&#x645;. + </subfield>
    <subfield code="e">CD.</subfield>
  </datafield>
  <datafield tag="336" ind1=" " ind2=" ">
    <subfield code="a">text</subfield>
    <subfield code="2">rda content</subfield>
  </datafield>
  <datafield tag="337" ind1=" " ind2=" ">
    <subfield code="a">Unmediated</subfield>
    <subfield code="2">rdamedia</subfield>
  </datafield>
  <datafield tag="338" ind1=" " ind2=" ">
    <subfield code="a">volume</subfield>
    <subfield code="2">rdacarrier</subfield>
  </datafield>
  <datafield tag="502" ind1=" " ind2=" ">
    <subfield code="a">&#x623;&#x637;&#x631;&#x648;&#x62D;&#x629; (&#x645;&#x627;&#x62C;&#x633;&#x62A;&#x64A;&#x631;)-&#x62C;&#x627;&#x645;&#x639;&#x629; &#x627;&#x644;&#x642;&#x627;&#x647;&#x631;&#x629;&#x60C; 2024. </subfield>
  </datafield>
  <datafield tag="504" ind1=" " ind2=" ">
    <subfield code="a">&#x628;&#x628;&#x644;&#x64A;&#x648;&#x62C;&#x631;&#x627;&#x641;&#x64A;&#x627;: &#x635;&#x641;&#x62D;&#x627;&#x62A; 103-119.</subfield>
  </datafield>
  <datafield tag="520" ind1=" " ind2=" ">
    <subfield code="a">&#x647;&#x62F;&#x641;&#x62A; &#x627;&#x644;&#x62F;&#x631;&#x627;&#x633;&#x629; &#x625;&#x644;&#x649; &#x645;&#x62D;&#x627;&#x648;&#x644;&#x629; &#x627;&#x644;&#x62A;&#x648;&#x635;&#x644; &#x625;&#x644;&#x649; &#x646;&#x645;&#x648;&#x630;&#x62C; &#x628;&#x646;&#x627;&#x626;&#x64A; &#x633;&#x628;&#x628;&#x64A; &#x64A;&#x64F;&#x641;&#x633;&#x631; &#x627;&#x644;&#x639;&#x644;&#x627;&#x642;&#x629; &#x628;&#x64A;&#x646; &#x627;&#x644;&#x648;&#x639;&#x64A; &#x627;&#x644;&#x635;&#x62D;&#x64A; &#x648;&#x646;&#x645;&#x637; &#x627;&#x644;&#x62D;&#x64A;&#x627;&#x629;&#x60C; &#x648;&#x625;&#x633;&#x62A;&#x643;&#x634;&#x627;&#x641; &#x627;&#x644;&#x62F;&#x648;&#x631; &#x627;&#x644;&#x648;&#x633;&#x64A;&#x637; &#x644;&#x644;&#x645;&#x631;&#x648;&#x646;&#x629; &#x627;&#x644;&#x646;&#x641;&#x633;&#x64A;&#x629; &#x628;&#x64A;&#x646;&#x647;&#x645;&#x627;. &#x62A;&#x643;&#x648;&#x646;&#x62A; &#x639;&#x64A;&#x646;&#x629; &#x627;&#x644;&#x62F;&#x631;&#x627;&#x633;&#x629; &#x645;&#x646; (206) &#x641;&#x631;&#x62F; &#x645;&#x635;&#x627;&#x628; &#x628;&#x62F;&#x627;&#x621; &#x627;&#x644;&#x633;&#x645;&#x646;&#x629; &#x645;&#x646; &#x627;&#x644;&#x630;&#x643;&#x648;&#x631; &#x648;&#x627;&#x644;&#x625;&#x646;&#x627;&#x62B; . &#x62A;&#x631;&#x627;&#x648;&#x62D;&#x62A; &#x627;&#x639;&#x645;&#x627;&#x631;&#x647;&#x645; &#x645;&#x627; &#x628;&#x64A;&#x646; (22-59) &#x639;&#x627;&#x645;&#x627;. &#x628;&#x645;&#x62A;&#x648;&#x633;&#x637; &#x62D;&#x633;&#x627;&#x628;&#x64A; (35,67) &#x648;&#x627;&#x646;&#x62D;&#x631;&#x627;&#x641; &#x645;&#x639;&#x64A;&#x627;&#x631;&#x64A; (7,013). &#x627;&#x633;&#x62A;&#x62E;&#x62F;&#x645;&#x62A; &#x627;&#x644;&#x62F;&#x631;&#x627;&#x633;&#x629; &#x627;&#x644;&#x623;&#x62F;&#x648;&#x627;&#x62A; &#x627;&#x644;&#x62A;&#x627;&#x644;&#x64A;&#x629; : &#x645;&#x642;&#x64A;&#x627;&#x633; &#x627;&#x644;&#x648;&#x639;&#x64A; &#x627;&#x644;&#x635;&#x62D;&#x64A; (&#x625;&#x639;&#x62F;&#x627;&#x62F; &#x627;&#x644;&#x628;&#x627;&#x62D;&#x62B;&#x629;). &#x645;&#x642;&#x64A;&#x627;&#x633; &#x646;&#x645;&#x637; &#x627;&#x644;&#x62D;&#x64A;&#x627;&#x629; &#x625;&#x639;&#x62F;&#x627;&#x62F; Gholamalishahi,et al.,2022)) &#x648;&#x62A;&#x639;&#x631;&#x64A;&#x628; &#x627;&#x644;&#x628;&#x627;&#x62D;&#x62B;&#x629;&#x60C; &#x648;&#x645;&#x642;&#x64A;&#x627;&#x633; &#x627;&#x644;&#x645;&#x631;&#x648;&#x646;&#x629; &#x627;&#x644;&#x646;&#x641;&#x633;&#x64A;&#x629; (&#x625;&#x639;&#x62F;&#x627;&#x62F; &#x627;&#x644;&#x628;&#x627;&#x62D;&#x62B;&#x629;).&#x623;&#x634;&#x627;&#x631;&#x62A; &#x627;&#x644;&#x646;&#x62A;&#x627;&#x626;&#x62C; &#x625;&#x644;&#x649; &#x648;&#x62C;&#x648;&#x62F; &#x639;&#x644;&#x627;&#x642;&#x629; &#x645;&#x628;&#x627;&#x634;&#x631;&#x629; &#x648;&#x63A;&#x64A;&#x631; &#x645;&#x628;&#x627;&#x634;&#x631;&#x629; &#x628;&#x64A;&#x646; &#x627;&#x644;&#x645;&#x631;&#x648;&#x646;&#x629; &#x627;&#x644;&#x646;&#x641;&#x633;&#x64A;&#x629; &#x648;&#x627;&#x644;&#x648;&#x639;&#x64A; &#x627;&#x644;&#x635;&#x62D;&#x64A;. &#x648;&#x648;&#x62C;&#x648;&#x62F; &#x62A;&#x623;&#x62B;&#x64A;&#x631; &#x645;&#x628;&#x627;&#x634;&#x631; &#x648;&#x63A;&#x64A;&#x631; &#x645;&#x628;&#x627;&#x634;&#x631; &#x628;&#x64A;&#x646; &#x627;&#x644;&#x645;&#x631;&#x648;&#x646;&#x629; &#x627;&#x644;&#x646;&#x641;&#x633;&#x64A;&#x629; &#x648;&#x646;&#x645;&#x637; &#x627;&#x644;&#x62D;&#x64A;&#x627;&#x629;. &#x648;&#x623;&#x64A;&#x636;&#x627; &#x648;&#x62C;&#x648;&#x62F; &#x639;&#x644;&#x627;&#x642;&#x629; &#x628;&#x64A;&#x646; &#x627;&#x644;&#x648;&#x639;&#x64A; &#x627;&#x644;&#x635;&#x62D;&#x64A; &#x648;&#x646;&#x645;&#x637; &#x627;&#x644;&#x62D;&#x64A;&#x627;&#x629;&#x60C; &#x648;&#x62A;&#x644;&#x639;&#x628; &#x627;&#x644;&#x645;&#x631;&#x648;&#x646;&#x629; &#x627;&#x644;&#x646;&#x641;&#x633;&#x64A;&#x629; &#x62F;&#x648;&#x631; &#x648;&#x633;&#x64A;&#x637; &#x628;&#x64A;&#x646; &#x627;&#x644;&#x648;&#x639;&#x64A; &#x627;&#x644;&#x635;&#x62D;&#x64A; &#x648;&#x646;&#x645;&#x637; &#x627;&#x644;&#x62D;&#x64A;&#x627;&#x629; &#x644;&#x62F;&#x649; &#x645;&#x631;&#x636;&#x649; &#x627;&#x644;&#x633;&#x645;&#x646;&#x629;.</subfield>
  </datafield>
  <datafield tag="520" ind1=" " ind2=" ">
    <subfield code="a">The study aimed to try to reach a causal structural model that explains the relationship between health awareness, lifestyle, and psychological flexibility. The study sample consisted of (206) individuals suffering from obesity. Their ages ranged between (21-59) years. With an arithmetic mean (35.67) and a standard deviation (7.013). The study used the following tools: Psychological Flexibility Scale (prepared by the researcher). Lifestyle scale prepared by (Gholamalishahi,et al.,2022) and the Psychological Flexibility Scale (prepared by the researcher). The results indicated a direct and indirect relationship between psychological flexibility and health awareness. There is a direct and indirect relationship between psychological flexibility and lifestyle. There is also a relationship between health awareness and lifestyle. Psychological flexibility plays a mediating role between health awareness and lifestyle among adult patients with obesity. </subfield>
  </datafield>
  <datafield tag="530" ind1=" " ind2=" ">
    <subfield code="a">&#x635;&#x62F;&#x631; &#x623;&#x64A;&#x636;&#x64B;&#x627; &#x643;&#x642;&#x631;&#x635; &#x645;&#x62F;&#x645;&#x62C;.</subfield>
  </datafield>
  <datafield tag="546" ind1=" " ind2=" ">
    <subfield code="a">&#x627;&#x644;&#x646;&#x635; &#x628;&#x627;&#x644;&#x639;&#x631;&#x628;&#x64A;&#x629; &#x648;&#x627;&#x644;&#x645;&#x644;&#x62E;&#x635; &#x628;&#x627;&#x644;&#x644;&#x63A;&#x629; &#x627;&#x644;&#x625;&#x646;&#x62C;&#x644;&#x64A;&#x632;&#x64A;&#x629; &#x648;&#x627;&#x644;&#x639;&#x631;&#x628;&#x64A;&#x629;.</subfield>
  </datafield>
  <datafield tag="650" ind1=" " ind2="7">
    <subfield code="a">&#x627;&#x644;&#x633;&#x645;&#x646;&#x629;</subfield>
    <subfield code="2">qrmak</subfield>
  </datafield>
  <datafield tag="653" ind1=" " ind2="0">
    <subfield code="a">&#x627;&#x644;&#x645;&#x631;&#x648;&#x646;&#x629; &#x627;&#x644;&#x646;&#x641;&#x633;&#x64A;&#x629; </subfield>
    <subfield code="a">&#x627;&#x644;&#x648;&#x639;&#x649; &#x627;&#x644;&#x635;&#x62D;&#x649;</subfield>
    <subfield code="a">&#x645;&#x631;&#x636;&#x649; &#x627;&#x644;&#x633;&#x645;&#x646;&#x629;</subfield>
  </datafield>
  <datafield tag="700" ind1="0" ind2=" ">
    <subfield code="a">&#x645;&#x646;&#x627;&#x644; &#x639;&#x628;&#x62F; &#x627;&#x644;&#x646;&#x639;&#x64A;&#x645; &#x645;&#x62D;&#x645;&#x62F; &#x637;&#x647;</subfield>
    <subfield code="e">&#x645;&#x634;&#x631;&#x641; &#x623;&#x637;&#x631;&#x648;&#x62D;&#x629;.</subfield>
  </datafield>
  <datafield tag="700" ind1="0" ind2=" ">
    <subfield code="a">&#x646;&#x641;&#x64A;&#x633;&#x640;&#x629; &#x641;&#x648;&#x632;&#x64A; &#x639;&#x645;&#x640;&#x640;&#x631;</subfield>
    <subfield code="e">&#x645;&#x634;&#x631;&#x641; &#x623;&#x637;&#x631;&#x648;&#x62D;&#x629;.</subfield>
  </datafield>
  <datafield tag="900" ind1=" " ind2=" ">
    <subfield code="b">21-02-2024</subfield>
    <subfield code="c">&#x645;&#x646;&#x627;&#x644; &#x639;&#x628;&#x62F; &#x627;&#x644;&#x646;&#x639;&#x64A;&#x645; &#x645;&#x62D;&#x645;&#x62F; &#x637;&#x647;</subfield>
    <subfield code="c">&#x646;&#x641;&#x64A;&#x633;&#x640;&#x629; &#x641;&#x648;&#x632;&#x64A; &#x639;&#x645;&#x640;&#x640;&#x631;</subfield>
    <subfield code="d">&#x631;&#x634;&#x627; &#x645;&#x62D;&#x645;&#x62F; </subfield>
    <subfield code="d">&#x639;&#x645;&#x631;&#x648; &#x631;&#x645;&#x636;&#x627;&#x646; &#x639;&#x637;&#x627;&#x64A;&#x627; </subfield>
    <subfield code="U">&#x62C;&#x627;&#x645;&#x639;&#x629; &#x627;&#x644;&#x642;&#x627;&#x647;&#x631;&#x629; </subfield>
    <subfield code="F">&#x643;&#x644;&#x64A;&#x629; &#x627;&#x644;&#x62F;&#x631;&#x627;&#x633;&#x627;&#x62A; &#x627;&#x644;&#x639;&#x644;&#x64A;&#x627; &#x644;&#x644;&#x62A;&#x631;&#x628;&#x64A;&#x629;</subfield>
    <subfield code="D">&#x642;&#x633;&#x645; &#x625;&#x631;&#x634;&#x627;&#x62F; &#x646;&#x641;&#x633;&#x64A;</subfield>
  </datafield>
  <datafield tag="905" ind1=" " ind2=" ">
    <subfield code="a">Sara</subfield>
  </datafield>
  <datafield tag="942" ind1=" " ind2=" ">
    <subfield code="2">ddc</subfield>
    <subfield code="c">TH</subfield>
    <subfield code="e">21</subfield>
    <subfield code="n">0</subfield>
  </datafield>
  <datafield tag="999" ind1=" " ind2=" ">
    <subfield code="c">180048</subfield>
  </datafield>
  <datafield tag="952" ind1=" " ind2=" ">
    <subfield code="2">ddc</subfield>
    <subfield code="9">317907</subfield>
    <subfield code="a">CUCL</subfield>
    <subfield code="b">cl210</subfield>
    <subfield code="d">2026-05-10</subfield>
    <subfield code="i">33186</subfield>
    <subfield code="o">Cai01.23.04.M.Sc.2024.&#x623;&#x645;.&#x645;</subfield>
    <subfield code="p">01010100033186000</subfield>
    <subfield code="r">2026-05-10 09:29:51</subfield>
    <subfield code="w">2026-05-10</subfield>
    <subfield code="y">TH</subfield>
  </datafield>
</record>
